| 000 | 00000nam 2200000za 4500 |
| 001 | 9.661013 |
| 003 | CaOODSP |
| 005 | 20210615120031 |
| 007 | ta |
| 008 | 150407s2000||||xxc||||| f|0| 0 eng d |
| 020 | |a1-55002-341-1 |
| 040 | |aCaOODSP|beng |
| 041 | |aeng |
| 041 | |afre |
| 043 | |an-cn--- |
| 086 | 1 |aJU3-26/2000 |
| 110 | 1 |aCanada. |bSupreme Court. |
| 245 | 14|aThe Supreme Court of Canada and its justices, 1875-2000 : |ba commemorative book |
| 260 | |aOttawa - Ontario : |bCourts. |c2000. |
| 300 | |a222p. : |bcoloured illus., figs. ; |c32 cm. |
| 500 | |aPublished by Dundurn Group and the Supreme Court of Canada in cooperation with Public Works and Government Services Canada. |
| 520 | 3 |aThis portrait book commemorates the 125th anniversary of the Supreme Court of Canada. Illustrated extensively with attractive old and new photographs and paintings, it includes a biographical sketch of each of the chief and puisne judges, a brief history of the court and the Ottawa Supreme Court building, order of succession, and a preface by the current Chief Justice. A selection of sources on the court is included. |
| 563 | |aHardcover |
| 590 | |a00-43|b2000-10-27 |
| 690 | 07|aCourts|2gcpds |
| 690 | 07|aCommemoration|2gcpds |
| 776 | 0#|tThe Supreme Court of Canada and its justices, 1875-2000 : |w(CaOODSP)9.889383 |
| 792 | |tLa Cour suprême du Canada et ses juges, 1875-2000 : |efre|w(CaOODSP)9.661014 |